Xây dựng mô hình thu thập dữ liệu và cảnh báo tấn công mạng : Luận văn tốt nghiệp Cao học. Chuyên ngành Khoa học máy tính
Xây dựng mô-đun thu thập dữ liệu tấn công mạng, xây dựng mô-đun trích lọc và đánh giá dữ liệu và xây dựng mô-đun cảnh báo tấn công mạng.
Gespeichert in:
| 1. Verfasser: | |
|---|---|
| Format: | Buch |
| Sprache: | Undetermined |
| Veröffentlicht: |
Cần Thơ
Trường Đại Học Cần Thơ
2019
|
| Schlagworte: | |
| Tags: |
Tag hinzufügen
Keine Tags, Fügen Sie den ersten Tag hinzu!
|
| Thư viện lưu trữ: | Trung tâm Học liệu Trường Đại học Cần Thơ |
|---|
| LEADER | 01031nam a2200205Ia 4500 | ||
|---|---|---|---|
| 001 | CTU_231392 | ||
| 008 | 210402s9999 xx 000 0 und d | ||
| 082 | |a 005.8 | ||
| 082 | |b Kh100 | ||
| 088 | |a 8480101 | ||
| 100 | |a Nguyễn, Văn Kha | ||
| 245 | 0 | |a Xây dựng mô hình thu thập dữ liệu và cảnh báo tấn công mạng : | |
| 245 | 0 | |b Luận văn tốt nghiệp Cao học. Chuyên ngành Khoa học máy tính | |
| 245 | 0 | |c Nguyễn Văn Kha ; Trương Minh Nhật Quang, Lê Văn Lâm (Cán bộ hướng dẫn) | |
| 260 | |a Cần Thơ | ||
| 260 | |b Trường Đại Học Cần Thơ | ||
| 260 | |c 2019 | ||
| 520 | |a Xây dựng mô-đun thu thập dữ liệu tấn công mạng, xây dựng mô-đun trích lọc và đánh giá dữ liệu và xây dựng mô-đun cảnh báo tấn công mạng. | ||
| 650 | |a Bảo mật máy tính,Computer security | ||
| 980 | |a Trung tâm Học liệu Trường Đại học Cần Thơ | ||